Văn chương - Tiến trình - Tác giả - Tác phẩm /

Wedi'i Gadw mewn:
Manylion Llyfryddiaeth
Prif Awdur: Phan Trọng Thưởng
Fformat: Sách giấy
Iaith:Vietnamese
Cyhoeddwyd: H. : Khoa học Xã hội, 2001
Pynciau:
Tagiau: Ychwanegu Tag
Dim Tagiau, Byddwch y cyntaf i dagio'r cofnod hwn!
Thư viện lưu trữ: Thư viện Trường Đại học Đà Lạt
LEADER 00724nam a2200289 4500
001 DLU020018578
005 ##20010927
020 # # |a 978- 
041 # # |a vie 
082 # # |a 895.922 809  |b PH-T 
100 # # |a Phan Trọng Thưởng 
245 # # |a Văn chương - Tiến trình - Tác giả - Tác phẩm /  |c Phan Trọng Thưởng 
260 # # |a H. :  |b Khoa học Xã hội,  |c 2001 
300 # # |a 528 tr.;   |c 21 cm. 
653 # # |a Kịch 
653 # # |a Lịch sử văn học 
653 # # |a Nghiên cứu văn học 
653 # # |a Tuồng 
992 # # |a 42000 
994 # # |a DLU 
900 # # |a False 
911 # # |a Administrator 
925 # # |a G 
926 # # |a A 
927 # # |a SH 
980 # # |a Thư viện Trường Đại học Đà Lạt